Höchster Berg in einem Land - Statistiken

Allgemein
  • Dieses Quiz wurde 195 mal gespielt
  • Das Durchschnittsergebnis liegt bei 10 aus 22
Antwortstatistiken
Land/Region Berg % Korrekt
Deutschland Zugspitze
99%
Nepal Mt. Everest
92%
China Mt. Everest
92%
Frankreich Mont Blanc
88%
Österreich Großglockner
77%
Pakistan K2
77%
Tansania Kilimandscharo
76%
Japan Fuji
70%
USA Denali
54%
Russland Elbrus
52%
Argentinien Aconcagua
38%
Schweiz Dufourspitze
38%
Hawaii Mauna Kea
27%
Spanien Pico del Teide
27%
Ecuador Chimborazo
14%
Kanada Mount Logan
14%
Italien Monte Bianco
12%
Indien Kangchendzönga
7%
Australien Mt. Kosciuszko
5%
Peru Nevado Huascarán/Waskaran
3%
Indonesien Puncak Jaya
3%
Georgien Schchara
3%
Keine übereinstimmenden Quizze gefunden
Verteilung der Resultate
Anzahl Personen mit jedem Resultat
Perzentil nach korrekt beantworteten Fragen
Ihre Resultats-Entwicklung
Sie haben dieses Quiz noch nicht gespielt